[Event "Quebec-ch U12"]
[Site "Montreal"]
[Date "2010.11.26"]
[Round "1"]
[White "Doru Alexandru, Epure"]
[Black "Chiku Ratte, Olivier Kenta"]
[Result "0-1"]
[WhiteElo "1218"]
[BlackElo "2094"]
[PlyCount "96"]
[EventDate "2010.11.26"]
[EventType "swiss"]
[EventRounds "5"]
[EventCountry "CAN"]
[SourceTitle "EXT 2013"]
[Source "ChessBase"]
[SourceDate "2012.11.22"]
[SourceVersion "1"]
[SourceVersionDate "2012.11.22"]
[SourceQuality "1"]

1. e4 c5 2. Nf3 d6 3. d4 cxd4 4. Nxd4 Nf6 5. Nc3 g6 6. Be2 Bg7 7. 0-0 Nc6 8. Nf3 0-0 9. Be3 Ng4 10. Qd2 Nxe3 11. Qxe3 Rb8 12. a3 a6 13. Rad1 b5 14. b4 Bg4 15. h3 Bxf3 16. Bxf3 Ne5 17. Be2 Rc8 18. f4 Nc4 19. Bxc4 Rxc4 20. Rd3 Qb8 21. f5 Qb7 22. Re1 Rfc8 23. Nd5 Rxc2 24. f6 exf6 25. Qg3 Qa7+ 26. Kh2 Re8 27. Qxd6 Qf2 28. Qg3 f5 29. Qxf2 Rxf2 30. Rde3 Bd4 31. R3e2 Rxe2 32. Rxe2 fxe4 33. Nc7 Be5+ 34. Kg1 Bxc7 35. Kf2 e3+ 36. Kf3 Bb6 37. g4 Rd8 38. Rg2 Rd2 39. Rxd2 exd2 40. Ke2 Be3 41. Kd1 f5 42. Ke2 f4 43. Kd1 f3 44. Kc2 f2 45. Kd3 f1Q+ 46. Kxe3 d1Q 47. Ke4 Qff3+ 48. Ke5 Qdd5# 0-1